<?xml version="1.0" encoding="UTF-8"?><marc:collection xmlns:marc="http://www.loc.gov/MARC21/slim">
  <marc:record>
    <marc:leader>08147cam a2201285 c 4500</marc:leader>
    <marc:controlfield tag="001">873358805</marc:controlfield>
    <marc:controlfield tag="003">DE-627</marc:controlfield>
    <marc:controlfield tag="005">20250225002914.0</marc:controlfield>
    <marc:controlfield tag="007">tu</marc:controlfield>
    <marc:controlfield tag="008">161129s2016    gw |||||      00| ||ger c</marc:controlfield>
    <marc:datafield tag="020" ind1=" " ind2=" ">
      <marc:subfield code="a">9783939347156</marc:subfield>
      <marc:subfield code="9">978-3-939347-15-6</marc:subfield>
    </marc:datafield>
    <marc:datafield tag="035" ind1=" " ind2=" ">
      <marc:subfield code="a">(DE-627)873358805</marc:subfield>
    </marc:datafield>
    <marc:datafield tag="035" ind1=" " ind2=" ">
      <marc:subfield code="a">(DE-576)480941793</marc:subfield>
    </marc:datafield>
    <marc:datafield tag="035" ind1=" " ind2=" ">
      <marc:subfield code="a">(DE-599)GBV873358805</marc:subfield>
    </marc:datafield>
    <marc:datafield tag="035" ind1=" " ind2=" ">
      <marc:subfield code="a">(OCoLC)964574059</marc:subfield>
    </marc:datafield>
    <marc:datafield tag="035" ind1=" " ind2=" ">
      <marc:subfield code="a">(OCoLC)964574059</marc:subfield>
    </marc:datafield>
    <marc:datafield tag="040" ind1=" " ind2=" ">
      <marc:subfield code="a">DE-627</marc:subfield>
      <marc:subfield code="b">ger</marc:subfield>
      <marc:subfield code="c">DE-627</marc:subfield>
      <marc:subfield code="e">rda</marc:subfield>
    </marc:datafield>
    <marc:datafield tag="041" ind1=" " ind2=" ">
      <marc:subfield code="a">ger</marc:subfield>
    </marc:datafield>
    <marc:datafield tag="044" ind1=" " ind2=" ">
      <marc:subfield code="c">XA-DE</marc:subfield>
      <marc:subfield code="c">XA-DE-NW</marc:subfield>
    </marc:datafield>
    <marc:datafield tag="050" ind1=" " ind2="0">
      <marc:subfield code="a">HV6431</marc:subfield>
    </marc:datafield>
    <marc:datafield tag="084" ind1=" " ind2=" ">
      <marc:subfield code="a">XE 5600</marc:subfield>
      <marc:subfield code="q">BVB</marc:subfield>
      <marc:subfield code="2">rvk</marc:subfield>
      <marc:subfield code="0">(DE-625)rvk/152647:12905</marc:subfield>
    </marc:datafield>
    <marc:datafield tag="084" ind1=" " ind2=" ">
      <marc:subfield code="a">XE 5611</marc:subfield>
      <marc:subfield code="2">rvk</marc:subfield>
      <marc:subfield code="0">(DE-625)rvk/152647:12917</marc:subfield>
    </marc:datafield>
    <marc:datafield tag="084" ind1=" " ind2=" ">
      <marc:subfield code="a">ZG 9290</marc:subfield>
      <marc:subfield code="2">rvk</marc:subfield>
      <marc:subfield code="0">(DE-625)rvk/156059:</marc:subfield>
    </marc:datafield>
    <marc:datafield tag="084" ind1=" " ind2=" ">
      <marc:subfield code="a">VG 5172</marc:subfield>
      <marc:subfield code="2">rvk</marc:subfield>
      <marc:subfield code="0">(DE-625)rvk/147181:255</marc:subfield>
    </marc:datafield>
    <marc:datafield tag="084" ind1=" " ind2=" ">
      <marc:subfield code="a">AR 14120</marc:subfield>
      <marc:subfield code="2">rvk</marc:subfield>
      <marc:subfield code="0">(DE-625)rvk/8324:</marc:subfield>
    </marc:datafield>
    <marc:datafield tag="084" ind1=" " ind2=" ">
      <marc:subfield code="a">88.19</marc:subfield>
      <marc:subfield code="2">bkl</marc:subfield>
    </marc:datafield>
    <marc:datafield tag="084" ind1=" " ind2=" ">
      <marc:subfield code="a">44.80</marc:subfield>
      <marc:subfield code="2">bkl</marc:subfield>
    </marc:datafield>
    <marc:datafield tag="084" ind1=" " ind2=" ">
      <marc:subfield code="a">43.50</marc:subfield>
      <marc:subfield code="2">bkl</marc:subfield>
    </marc:datafield>
    <marc:datafield tag="084" ind1=" " ind2=" ">
      <marc:subfield code="a">43.11</marc:subfield>
      <marc:subfield code="2">bkl</marc:subfield>
    </marc:datafield>
    <marc:datafield tag="100" ind1="1" ind2=" ">
      <marc:subfield code="a">Bachmann, Udo</marc:subfield>
      <marc:subfield code="e">VerfasserIn</marc:subfield>
      <marc:subfield code="0">(DE-588)18946237X</marc:subfield>
      <marc:subfield code="0">(DE-627)699476909</marc:subfield>
      <marc:subfield code="0">(DE-576)354339796</marc:subfield>
      <marc:subfield code="4">aut</marc:subfield>
    </marc:datafield>
    <marc:datafield tag="245" ind1="1" ind2="0">
      <marc:subfield code="a">Empfehlungen für die Probenahme zur Gefahrenabwehr im Bevölkerungsschutz</marc:subfield>
      <marc:subfield code="b">zur Analytik von chemischen, biologischen und radioaktiven Kontaminationen</marc:subfield>
      <marc:subfield code="c">Bundesamt für Bevölkerungsschutz und Katastrophenhilfe ; Redaktionseam/Autoren: Udo Bachmann, Nahid Derakshani, Matthias Drobig, Mario König, Joachim Mentfewitz, Hartmut Prast, Gerhard Uelpenich, Marc Vidmayer, Stefan Wilbert, Manfred Wolf ; Coautoren: Jens-Tarek Eisheh, Bärbel Niederwöhrmeier, Martin Richter, Dieter Sebastian, Roman Trebbe</marc:subfield>
    </marc:datafield>
    <marc:datafield tag="250" ind1=" " ind2=" ">
      <marc:subfield code="a">2. Auflage</marc:subfield>
    </marc:datafield>
    <marc:datafield tag="264" ind1=" " ind2="1">
      <marc:subfield code="a">Bonn</marc:subfield>
      <marc:subfield code="b">Bundesamt für Bevölkerungsschutz und Katastrophenhilfe</marc:subfield>
      <marc:subfield code="c">[2016]</marc:subfield>
    </marc:datafield>
    <marc:datafield tag="264" ind1=" " ind2="4">
      <marc:subfield code="c">© 2016</marc:subfield>
    </marc:datafield>
    <marc:datafield tag="300" ind1=" " ind2=" ">
      <marc:subfield code="a">213 Seiten</marc:subfield>
      <marc:subfield code="b">Illustrationen (teilweise farbig)</marc:subfield>
    </marc:datafield>
    <marc:datafield tag="336" ind1=" " ind2=" ">
      <marc:subfield code="a">Text</marc:subfield>
      <marc:subfield code="b">txt</marc:subfield>
      <marc:subfield code="2">rdacontent</marc:subfield>
    </marc:datafield>
    <marc:datafield tag="337" ind1=" " ind2=" ">
      <marc:subfield code="a">ohne Hilfsmittel zu benutzen</marc:subfield>
      <marc:subfield code="b">n</marc:subfield>
      <marc:subfield code="2">rdamedia</marc:subfield>
    </marc:datafield>
    <marc:datafield tag="338" ind1=" " ind2=" ">
      <marc:subfield code="a">Band</marc:subfield>
      <marc:subfield code="b">nc</marc:subfield>
      <marc:subfield code="2">rdacarrier</marc:subfield>
    </marc:datafield>
    <marc:datafield tag="490" ind1="1" ind2=" ">
      <marc:subfield code="a">Forschung im Bevölkerungsschutz</marc:subfield>
      <marc:subfield code="v">Band 5</marc:subfield>
    </marc:datafield>
    <marc:datafield tag="500" ind1=" " ind2=" ">
      <marc:subfield code="a">Literaturverzeichnis Seite 145-147 (Seite 145 ungezählt)</marc:subfield>
    </marc:datafield>
    <marc:datafield tag="500" ind1=" " ind2=" ">
      <marc:subfield code="a">Mit Adressenliste der Untersuchungslaboratorien</marc:subfield>
    </marc:datafield>
    <marc:datafield tag="500" ind1=" " ind2=" ">
      <marc:subfield code="a">Mit Adressenliste der Kompetenz- und Behandlungszentren</marc:subfield>
    </marc:datafield>
    <marc:datafield tag="500" ind1=" " ind2=" ">
      <marc:subfield code="a">Mit Adressenliste der Labore für RN-Proben</marc:subfield>
    </marc:datafield>
    <marc:datafield tag="500" ind1=" " ind2=" ">
      <marc:subfield code="a">Mit Register</marc:subfield>
    </marc:datafield>
    <marc:datafield tag="650" ind1=" " ind2="0">
      <marc:subfield code="a">Decontamination (from gases, chemicals, etc.)</marc:subfield>
      <marc:subfield code="v">Handbooks, manuals, etc</marc:subfield>
    </marc:datafield>
    <marc:datafield tag="650" ind1=" " ind2="0">
      <marc:subfield code="a">Biological decontamination</marc:subfield>
      <marc:subfield code="v">Handbooks, manuals, etc</marc:subfield>
    </marc:datafield>
    <marc:datafield tag="650" ind1=" " ind2="0">
      <marc:subfield code="a">Radioactive decontamination</marc:subfield>
      <marc:subfield code="v">Handbooks, manuals, etc</marc:subfield>
    </marc:datafield>
    <marc:datafield tag="650" ind1=" " ind2="4">
      <marc:subfield code="a">Katastrophenschutz</marc:subfield>
    </marc:datafield>
    <marc:datafield tag="651" ind1=" " ind2="4">
      <marc:subfield code="a">Deutschland</marc:subfield>
    </marc:datafield>
    <marc:datafield tag="655" ind1=" " ind2="7">
      <marc:subfield code="a">Richtlinie</marc:subfield>
      <marc:subfield code="0">(DE-588)4137814-3</marc:subfield>
      <marc:subfield code="0">(DE-627)10564725X</marc:subfield>
      <marc:subfield code="0">(DE-576)209680792</marc:subfield>
      <marc:subfield code="2">gnd-content</marc:subfield>
    </marc:datafield>
    <marc:datafield tag="689" ind1="0" ind2="0">
      <marc:subfield code="D">g</marc:subfield>
      <marc:subfield code="0">(DE-588)4011882-4</marc:subfield>
      <marc:subfield code="0">(DE-627)104704861</marc:subfield>
      <marc:subfield code="0">(DE-576)208896155</marc:subfield>
      <marc:subfield code="a">Deutschland</marc:subfield>
      <marc:subfield code="2">gnd</marc:subfield>
    </marc:datafield>
    <marc:datafield tag="689" ind1="0" ind2="1">
      <marc:subfield code="D">s</marc:subfield>
      <marc:subfield code="0">(DE-588)4029932-6</marc:subfield>
      <marc:subfield code="0">(DE-627)104675233</marc:subfield>
      <marc:subfield code="0">(DE-576)208984917</marc:subfield>
      <marc:subfield code="a">Katastrophenschutz</marc:subfield>
      <marc:subfield code="2">gnd</marc:subfield>
    </marc:datafield>
    <marc:datafield tag="689" ind1="0" ind2=" ">
      <marc:subfield code="5">(DE-627)</marc:subfield>
    </marc:datafield>
    <marc:datafield tag="700" ind1="1" ind2=" ">
      <marc:subfield code="a">Derakshani, Nahid</marc:subfield>
      <marc:subfield code="e">VerfasserIn</marc:subfield>
      <marc:subfield code="4">aut</marc:subfield>
    </marc:datafield>
    <marc:datafield tag="700" ind1="1" ind2=" ">
      <marc:subfield code="a">Drobig, Matthias</marc:subfield>
      <marc:subfield code="e">VerfasserIn</marc:subfield>
      <marc:subfield code="4">aut</marc:subfield>
    </marc:datafield>
    <marc:datafield tag="700" ind1="1" ind2=" ">
      <marc:subfield code="a">König, Mario</marc:subfield>
      <marc:subfield code="e">VerfasserIn</marc:subfield>
      <marc:subfield code="0">(DE-588)141479906</marc:subfield>
      <marc:subfield code="0">(DE-627)629425051</marc:subfield>
      <marc:subfield code="0">(DE-576)324064780</marc:subfield>
      <marc:subfield code="4">aut</marc:subfield>
    </marc:datafield>
    <marc:datafield tag="700" ind1="1" ind2=" ">
      <marc:subfield code="a">Mentfewitz, Joachim</marc:subfield>
      <marc:subfield code="e">VerfasserIn</marc:subfield>
      <marc:subfield code="4">aut</marc:subfield>
    </marc:datafield>
    <marc:datafield tag="700" ind1="1" ind2=" ">
      <marc:subfield code="a">Prast, Hartmut</marc:subfield>
      <marc:subfield code="e">VerfasserIn</marc:subfield>
      <marc:subfield code="0">(DE-627)1233897179</marc:subfield>
      <marc:subfield code="0">(DE-576)163897174</marc:subfield>
      <marc:subfield code="4">aut</marc:subfield>
    </marc:datafield>
    <marc:datafield tag="700" ind1="1" ind2=" ">
      <marc:subfield code="a">Uelpenich, Gerhard</marc:subfield>
      <marc:subfield code="e">VerfasserIn</marc:subfield>
      <marc:subfield code="4">aut</marc:subfield>
    </marc:datafield>
    <marc:datafield tag="700" ind1="1" ind2=" ">
      <marc:subfield code="a">Vidmayer, Marc</marc:subfield>
      <marc:subfield code="e">VerfasserIn</marc:subfield>
      <marc:subfield code="4">aut</marc:subfield>
    </marc:datafield>
    <marc:datafield tag="700" ind1="1" ind2=" ">
      <marc:subfield code="a">Wilbert, Stefan</marc:subfield>
      <marc:subfield code="e">VerfasserIn</marc:subfield>
      <marc:subfield code="0">(DE-588)1058719459</marc:subfield>
      <marc:subfield code="0">(DE-627)797445544</marc:subfield>
      <marc:subfield code="0">(DE-576)414860829</marc:subfield>
      <marc:subfield code="4">aut</marc:subfield>
    </marc:datafield>
    <marc:datafield tag="700" ind1="1" ind2=" ">
      <marc:subfield code="8">1\p</marc:subfield>
      <marc:subfield code="a">Wolf, Manfred</marc:subfield>
      <marc:subfield code="d">1939-2007</marc:subfield>
      <marc:subfield code="e">VerfasserIn</marc:subfield>
      <marc:subfield code="0">(DE-588)115761152</marc:subfield>
      <marc:subfield code="0">(DE-627)077453808</marc:subfield>
      <marc:subfield code="0">(DE-576)290061857</marc:subfield>
      <marc:subfield code="4">aut</marc:subfield>
    </marc:datafield>
    <marc:datafield tag="700" ind1="1" ind2=" ">
      <marc:subfield code="a">Eisheh, Jens-Tarek</marc:subfield>
      <marc:subfield code="d">1969-</marc:subfield>
      <marc:subfield code="e">VerfasserIn</marc:subfield>
      <marc:subfield code="0">(DE-588)131954113</marc:subfield>
      <marc:subfield code="0">(DE-627)707789923</marc:subfield>
      <marc:subfield code="0">(DE-576)298858614</marc:subfield>
      <marc:subfield code="4">aut</marc:subfield>
    </marc:datafield>
    <marc:datafield tag="700" ind1="1" ind2=" ">
      <marc:subfield code="a">Niederwöhrmeier, Bärbel</marc:subfield>
      <marc:subfield code="e">VerfasserIn</marc:subfield>
      <marc:subfield code="4">aut</marc:subfield>
    </marc:datafield>
    <marc:datafield tag="700" ind1="1" ind2=" ">
      <marc:subfield code="a">Richter, Martin</marc:subfield>
      <marc:subfield code="e">VerfasserIn</marc:subfield>
      <marc:subfield code="0">(DE-627)1451991762</marc:subfield>
      <marc:subfield code="0">(DE-576)381991768</marc:subfield>
      <marc:subfield code="4">aut</marc:subfield>
    </marc:datafield>
    <marc:datafield tag="700" ind1="1" ind2=" ">
      <marc:subfield code="a">Sebastian, Dieter</marc:subfield>
      <marc:subfield code="e">VerfasserIn</marc:subfield>
      <marc:subfield code="4">aut</marc:subfield>
    </marc:datafield>
    <marc:datafield tag="700" ind1="1" ind2=" ">
      <marc:subfield code="a">Trebbe, Roman</marc:subfield>
      <marc:subfield code="d">1970-</marc:subfield>
      <marc:subfield code="e">VerfasserIn</marc:subfield>
      <marc:subfield code="0">(DE-588)123995256</marc:subfield>
      <marc:subfield code="0">(DE-627)706502094</marc:subfield>
      <marc:subfield code="0">(DE-576)29397439X</marc:subfield>
      <marc:subfield code="4">aut</marc:subfield>
    </marc:datafield>
    <marc:datafield tag="710" ind1="2" ind2=" ">
      <marc:subfield code="a">Deutschland</marc:subfield>
      <marc:subfield code="b">Bundesamt für Bevölkerungsschutz und Katastrophenhilfe</marc:subfield>
      <marc:subfield code="e">Herausgebendes Organ</marc:subfield>
      <marc:subfield code="0">(DE-588)10081295-8</marc:subfield>
      <marc:subfield code="0">(DE-627)390344257</marc:subfield>
      <marc:subfield code="0">(DE-576)199897999</marc:subfield>
      <marc:subfield code="4">isb</marc:subfield>
    </marc:datafield>
    <marc:datafield tag="830" ind1=" " ind2="0">
      <marc:subfield code="a">Forschung im Bevölkerungsschutz</marc:subfield>
      <marc:subfield code="v">Band 5</marc:subfield>
      <marc:subfield code="9">5.2016</marc:subfield>
      <marc:subfield code="w">(DE-627)590953214</marc:subfield>
      <marc:subfield code="w">(DE-576)302443932</marc:subfield>
      <marc:subfield code="w">(DE-600)2476495-4</marc:subfield>
      <marc:subfield code="x">2699-8033</marc:subfield>
      <marc:subfield code="7">am</marc:subfield>
    </marc:datafield>
    <marc:datafield tag="856" ind1="4" ind2="2">
      <marc:subfield code="u">http://www.gbv.de/dms/ilmenau/toc/873358805.PDF</marc:subfield>
      <marc:subfield code="m">V:DE-601</marc:subfield>
      <marc:subfield code="m">B:DE-ilm1</marc:subfield>
      <marc:subfield code="q">application/pdf</marc:subfield>
      <marc:subfield code="x">Verlag</marc:subfield>
      <marc:subfield code="y">Inhaltsverzeichnis</marc:subfield>
      <marc:subfield code="3">Inhaltsverzeichnis</marc:subfield>
      <marc:subfield code="7">1</marc:subfield>
    </marc:datafield>
    <marc:datafield tag="883" ind1=" " ind2=" ">
      <marc:subfield code="8">1\p</marc:subfield>
      <marc:subfield code="a">cgwrk</marc:subfield>
      <marc:subfield code="d">20241001</marc:subfield>
      <marc:subfield code="q">DE-101</marc:subfield>
      <marc:subfield code="u">https://d-nb.info/provenance/plan#cgwrk</marc:subfield>
    </marc:datafield>
    <marc:datafield tag="912" ind1=" " ind2=" ">
      <marc:subfield code="a">SSG-OLC-pha</marc:subfield>
    </marc:datafield>
    <marc:datafield tag="924" ind1="0" ind2=" ">
      <marc:subfield code="a">1658315480</marc:subfield>
      <marc:subfield code="b">DE-1a</marc:subfield>
      <marc:subfield code="9">1a</marc:subfield>
      <marc:subfield code="c">GBV</marc:subfield>
      <marc:subfield code="d">c</marc:subfield>
      <marc:subfield code="g">1 A 984980</marc:subfield>
      <marc:subfield code="h">2</marc:subfield>
    </marc:datafield>
    <marc:datafield tag="924" ind1="0" ind2=" ">
      <marc:subfield code="a">1657698270</marc:subfield>
      <marc:subfield code="b">DE-46</marc:subfield>
      <marc:subfield code="9">46</marc:subfield>
      <marc:subfield code="c">GBV</marc:subfield>
      <marc:subfield code="d">c</marc:subfield>
      <marc:subfield code="g">03.c.6727</marc:subfield>
      <marc:subfield code="h">Magazin</marc:subfield>
    </marc:datafield>
    <marc:datafield tag="924" ind1="0" ind2=" ">
      <marc:subfield code="a">3963341157</marc:subfield>
      <marc:subfield code="b">DE-46</marc:subfield>
      <marc:subfield code="9">46</marc:subfield>
      <marc:subfield code="c">GBV</marc:subfield>
      <marc:subfield code="d">c</marc:subfield>
      <marc:subfield code="g">san 60/2(2)</marc:subfield>
      <marc:subfield code="h">TB BHV</marc:subfield>
    </marc:datafield>
    <marc:datafield tag="924" ind1="0" ind2=" ">
      <marc:subfield code="a">1649445822</marc:subfield>
      <marc:subfield code="b">DE-18</marc:subfield>
      <marc:subfield code="9">18</marc:subfield>
      <marc:subfield code="c">GBV</marc:subfield>
      <marc:subfield code="d">c</marc:subfield>
      <marc:subfield code="g">A 2016/8647</marc:subfield>
      <marc:subfield code="h">SUB-SB</marc:subfield>
    </marc:datafield>
    <marc:datafield tag="924" ind1="0" ind2=" ">
      <marc:subfield code="a">1648400809</marc:subfield>
      <marc:subfield code="b">DE-830</marc:subfield>
      <marc:subfield code="9">830</marc:subfield>
      <marc:subfield code="c">GBV</marc:subfield>
      <marc:subfield code="d">c</marc:subfield>
      <marc:subfield code="g">2849-7048</marc:subfield>
      <marc:subfield code="h">28</marc:subfield>
    </marc:datafield>
    <marc:datafield tag="924" ind1="0" ind2=" ">
      <marc:subfield code="a">1649706316</marc:subfield>
      <marc:subfield code="b">DE-27</marc:subfield>
      <marc:subfield code="9">27</marc:subfield>
      <marc:subfield code="c">GBV</marc:subfield>
      <marc:subfield code="d">c</marc:subfield>
      <marc:subfield code="g">2016 A 2773</marc:subfield>
      <marc:subfield code="h">Mag</marc:subfield>
    </marc:datafield>
    <marc:datafield tag="924" ind1="0" ind2=" ">
      <marc:subfield code="a">1675136866</marc:subfield>
      <marc:subfield code="b">DE-Ilm1</marc:subfield>
      <marc:subfield code="9">Ilm 1</marc:subfield>
      <marc:subfield code="c">GBV</marc:subfield>
      <marc:subfield code="d">c</marc:subfield>
      <marc:subfield code="g">NAT XE 5611 B124(2)</marc:subfield>
      <marc:subfield code="h">59</marc:subfield>
    </marc:datafield>
    <marc:datafield tag="924" ind1="0" ind2=" ">
      <marc:subfield code="a">1651994056</marc:subfield>
      <marc:subfield code="b">DE-547</marc:subfield>
      <marc:subfield code="9">547</marc:subfield>
      <marc:subfield code="c">GBV</marc:subfield>
      <marc:subfield code="d">c</marc:subfield>
      <marc:subfield code="g">641590</marc:subfield>
      <marc:subfield code="h">MAG</marc:subfield>
    </marc:datafield>
    <marc:datafield tag="924" ind1="0" ind2=" ">
      <marc:subfield code="a">1656112000</marc:subfield>
      <marc:subfield code="b">DE-7</marc:subfield>
      <marc:subfield code="9">7</marc:subfield>
      <marc:subfield code="c">GBV</marc:subfield>
      <marc:subfield code="d">c</marc:subfield>
      <marc:subfield code="g">2017 A 25259</marc:subfield>
      <marc:subfield code="h">FMAG</marc:subfield>
    </marc:datafield>
    <marc:datafield tag="924" ind1="0" ind2=" ">
      <marc:subfield code="a">1648392229</marc:subfield>
      <marc:subfield code="b">DE-705</marc:subfield>
      <marc:subfield code="9">705</marc:subfield>
      <marc:subfield code="c">GBV</marc:subfield>
      <marc:subfield code="d">c</marc:subfield>
      <marc:subfield code="g">MIL 215:YD0003(002)</marc:subfield>
      <marc:subfield code="h">HB</marc:subfield>
    </marc:datafield>
    <marc:datafield tag="924" ind1="0" ind2=" ">
      <marc:subfield code="a">1648477879</marc:subfield>
      <marc:subfield code="b">DE-28</marc:subfield>
      <marc:subfield code="9">28</marc:subfield>
      <marc:subfield code="c">GBV</marc:subfield>
      <marc:subfield code="d">c</marc:subfield>
      <marc:subfield code="g">XE 7100 B415-5(2)</marc:subfield>
      <marc:subfield code="h">28/BB4</marc:subfield>
    </marc:datafield>
    <marc:datafield tag="924" ind1="0" ind2=" ">
      <marc:subfield code="a">1669213765</marc:subfield>
      <marc:subfield code="b">DE-Wim2</marc:subfield>
      <marc:subfield code="9">Wim 2</marc:subfield>
      <marc:subfield code="c">GBV</marc:subfield>
      <marc:subfield code="d">c</marc:subfield>
      <marc:subfield code="g">2018 A 1939</marc:subfield>
      <marc:subfield code="g">Mag Fa 4082</marc:subfield>
      <marc:subfield code="h">Mag</marc:subfield>
    </marc:datafield>
    <marc:datafield tag="924" ind1="0" ind2=" ">
      <marc:subfield code="a">1692141376</marc:subfield>
      <marc:subfield code="b">DE-3</marc:subfield>
      <marc:subfield code="9">3</marc:subfield>
      <marc:subfield code="c">GBV</marc:subfield>
      <marc:subfield code="d">c</marc:subfield>
      <marc:subfield code="g">17 A 660</marc:subfield>
      <marc:subfield code="h">M1</marc:subfield>
    </marc:datafield>
    <marc:datafield tag="924" ind1="0" ind2=" ">
      <marc:subfield code="a">1648677991</marc:subfield>
      <marc:subfield code="b">DE-89</marc:subfield>
      <marc:subfield code="9">89</marc:subfield>
      <marc:subfield code="c">GBV</marc:subfield>
      <marc:subfield code="d">c</marc:subfield>
      <marc:subfield code="g">RT 459(5),2</marc:subfield>
    </marc:datafield>
    <marc:datafield tag="924" ind1="0" ind2=" ">
      <marc:subfield code="a">1717707637</marc:subfield>
      <marc:subfield code="b">DE-Ma9</marc:subfield>
      <marc:subfield code="9">Ma 9</marc:subfield>
      <marc:subfield code="c">GBV</marc:subfield>
      <marc:subfield code="d">c</marc:subfield>
      <marc:subfield code="g">2017.04335:1</marc:subfield>
      <marc:subfield code="h">FH</marc:subfield>
    </marc:datafield>
    <marc:datafield tag="924" ind1="0" ind2=" ">
      <marc:subfield code="a">1675927529</marc:subfield>
      <marc:subfield code="b">DE-Ma14</marc:subfield>
      <marc:subfield code="9">Ma 14</marc:subfield>
      <marc:subfield code="c">GBV</marc:subfield>
      <marc:subfield code="d">c</marc:subfield>
      <marc:subfield code="g">ZB -0007-915 : 2</marc:subfield>
      <marc:subfield code="h">MAG</marc:subfield>
    </marc:datafield>
    <marc:datafield tag="924" ind1="0" ind2=" ">
      <marc:subfield code="a">1675618682</marc:subfield>
      <marc:subfield code="b">DE-841</marc:subfield>
      <marc:subfield code="9">841</marc:subfield>
      <marc:subfield code="c">GBV</marc:subfield>
      <marc:subfield code="d">c</marc:subfield>
      <marc:subfield code="g">2414 AZ:5, 2. Aufl.</marc:subfield>
      <marc:subfield code="h">Mag</marc:subfield>
    </marc:datafield>
    <marc:datafield tag="924" ind1="0" ind2=" ">
      <marc:subfield code="a">3757417275</marc:subfield>
      <marc:subfield code="b">DE-18-301</marc:subfield>
      <marc:subfield code="9">18/301</marc:subfield>
      <marc:subfield code="c">GBV</marc:subfield>
      <marc:subfield code="d">d</marc:subfield>
      <marc:subfield code="g">med 40/14</marc:subfield>
      <marc:subfield code="h">18/301</marc:subfield>
    </marc:datafield>
    <marc:datafield tag="924" ind1="0" ind2=" ">
      <marc:subfield code="a">1710373865</marc:subfield>
      <marc:subfield code="b">DE-616</marc:subfield>
      <marc:subfield code="9">616</marc:subfield>
      <marc:subfield code="c">GBV</marc:subfield>
      <marc:subfield code="d">d</marc:subfield>
      <marc:subfield code="g">SO 17</marc:subfield>
      <marc:subfield code="h">MU</marc:subfield>
    </marc:datafield>
    <marc:datafield tag="924" ind1="0" ind2=" ">
      <marc:subfield code="a">3245156626</marc:subfield>
      <marc:subfield code="b">DE-291</marc:subfield>
      <marc:subfield code="9">291</marc:subfield>
      <marc:subfield code="c">BSZ</marc:subfield>
      <marc:subfield code="d">c</marc:subfield>
      <marc:subfield code="g">2016-3981</marc:subfield>
    </marc:datafield>
    <marc:datafield tag="924" ind1="0" ind2=" ">
      <marc:subfield code="a">3245156707</marc:subfield>
      <marc:subfield code="b">DE-14</marc:subfield>
      <marc:subfield code="9">14</marc:subfield>
      <marc:subfield code="c">BSZ</marc:subfield>
      <marc:subfield code="d">c</marc:subfield>
    </marc:datafield>
    <marc:datafield tag="924" ind1="0" ind2=" ">
      <marc:subfield code="a">3245156766</marc:subfield>
      <marc:subfield code="b">DE-15-292</marc:subfield>
      <marc:subfield code="9">15/292</marc:subfield>
      <marc:subfield code="c">BSZ</marc:subfield>
      <marc:subfield code="d">c</marc:subfield>
    </marc:datafield>
    <marc:datafield tag="924" ind1="0" ind2=" ">
      <marc:subfield code="a">4939580954</marc:subfield>
      <marc:subfield code="b">DE-90</marc:subfield>
      <marc:subfield code="9">90</marc:subfield>
      <marc:subfield code="c">BSZ</marc:subfield>
      <marc:subfield code="d">d</marc:subfield>
    </marc:datafield>
    <marc:datafield tag="924" ind1="0" ind2=" ">
      <marc:subfield code="a">3245156855</marc:subfield>
      <marc:subfield code="b">DE-93</marc:subfield>
      <marc:subfield code="9">93</marc:subfield>
      <marc:subfield code="c">BSZ</marc:subfield>
      <marc:subfield code="d">c</marc:subfield>
    </marc:datafield>
    <marc:datafield tag="924" ind1="0" ind2=" ">
      <marc:subfield code="a">324515688X</marc:subfield>
      <marc:subfield code="b">DE-105</marc:subfield>
      <marc:subfield code="9">105</marc:subfield>
      <marc:subfield code="c">BSZ</marc:subfield>
      <marc:subfield code="d">c</marc:subfield>
      <marc:subfield code="g">17.1869 8.</marc:subfield>
    </marc:datafield>
    <marc:datafield tag="924" ind1="0" ind2=" ">
      <marc:subfield code="a">3245156944</marc:subfield>
      <marc:subfield code="b">DE-L189</marc:subfield>
      <marc:subfield code="9">L 189</marc:subfield>
      <marc:subfield code="c">BSZ</marc:subfield>
      <marc:subfield code="d">c</marc:subfield>
    </marc:datafield>
    <marc:datafield tag="924" ind1="0" ind2=" ">
      <marc:subfield code="a">3245157002</marc:subfield>
      <marc:subfield code="b">DE-B19</marc:subfield>
      <marc:subfield code="9">B 19</marc:subfield>
      <marc:subfield code="c">BSZ</marc:subfield>
      <marc:subfield code="d">d</marc:subfield>
      <marc:subfield code="g">Hb 500:42 (2)</marc:subfield>
    </marc:datafield>
    <marc:datafield tag="935" ind1=" " ind2=" ">
      <marc:subfield code="i">Blocktest</marc:subfield>
    </marc:datafield>
    <marc:datafield tag="936" ind1="r" ind2="v">
      <marc:subfield code="a">XE 5600</marc:subfield>
      <marc:subfield code="b">Allgemeines</marc:subfield>
      <marc:subfield code="k">Medizin</marc:subfield>
      <marc:subfield code="k">Hygiene</marc:subfield>
      <marc:subfield code="k">Gesundheitsfürsorge insgesamt</marc:subfield>
      <marc:subfield code="k">Militärhygiene, Militärmedizin, Katastrophenmedizin</marc:subfield>
      <marc:subfield code="k">Allgemeines</marc:subfield>
      <marc:subfield code="0">(DE-627)1270743023</marc:subfield>
      <marc:subfield code="0">(DE-625)rvk/152647:12905</marc:subfield>
      <marc:subfield code="0">(DE-576)200743023</marc:subfield>
    </marc:datafield>
    <marc:datafield tag="936" ind1="r" ind2="v">
      <marc:subfield code="a">XE 5611</marc:subfield>
      <marc:subfield code="b">Methodik, Arbeitsmethoden, Nachweise, (einschließlich Apparate, Instrumente, Einrichtung)</marc:subfield>
      <marc:subfield code="k">Medizin</marc:subfield>
      <marc:subfield code="k">Hygiene</marc:subfield>
      <marc:subfield code="k">Gesundheitsfürsorge insgesamt</marc:subfield>
      <marc:subfield code="k">Militärhygiene, Militärmedizin, Katastrophenmedizin</marc:subfield>
      <marc:subfield code="k">A. Formalschlüssel</marc:subfield>
      <marc:subfield code="k">Allgemeine Literatur zu einem Hauptgebiet</marc:subfield>
      <marc:subfield code="k">Methodik, Arbeitsmethoden, Nachweise, (einschließlich Apparate, Instrumente, Einrichtung)</marc:subfield>
      <marc:subfield code="0">(DE-627)127688978X</marc:subfield>
      <marc:subfield code="0">(DE-625)rvk/152647:12917</marc:subfield>
      <marc:subfield code="0">(DE-576)20688978X</marc:subfield>
    </marc:datafield>
    <marc:datafield tag="936" ind1="r" ind2="v">
      <marc:subfield code="a">ZG 9290</marc:subfield>
      <marc:subfield code="b">Katastrophenschutz; Luftschutz; Explosionsschutz; Zivilschutz (Brandschutz, Feuerwehrtechnik)</marc:subfield>
      <marc:subfield code="k">Technik</marc:subfield>
      <marc:subfield code="k">Technik allgemein</marc:subfield>
      <marc:subfield code="k">Katastrophenschutz; Luftschutz; Explosionsschutz; Zivilschutz (Brandschutz, Feuerwehrtechnik)</marc:subfield>
      <marc:subfield code="0">(DE-627)127070818X</marc:subfield>
      <marc:subfield code="0">(DE-625)rvk/156059:</marc:subfield>
      <marc:subfield code="0">(DE-576)20070818X</marc:subfield>
    </marc:datafield>
    <marc:datafield tag="936" ind1="r" ind2="v">
      <marc:subfield code="a">VG 5172</marc:subfield>
      <marc:subfield code="b">Kompendien, Repetitorien, Leitfäden, Kurzdarstellungen und Vorlesungsskripten</marc:subfield>
      <marc:subfield code="k">Chemie und Pharmazie</marc:subfield>
      <marc:subfield code="k">Analytische Chemie</marc:subfield>
      <marc:subfield code="k">Analytische Chemie allgemein</marc:subfield>
      <marc:subfield code="k">Automation (Automatische Analyse); Autoanalyser; Schnelltest; Fließinjektionsanalyse Probenahme</marc:subfield>
      <marc:subfield code="k">Kompendien, Repetitorien, Leitfäden, Kurzdarstellungen und Vorlesungsskripten</marc:subfield>
      <marc:subfield code="0">(DE-627)1276635354</marc:subfield>
      <marc:subfield code="0">(DE-625)rvk/147181:255</marc:subfield>
      <marc:subfield code="0">(DE-576)206635354</marc:subfield>
    </marc:datafield>
    <marc:datafield tag="936" ind1="r" ind2="v">
      <marc:subfield code="a">AR 14120</marc:subfield>
      <marc:subfield code="b">Natur- und Umweltkatastrophen, Allgemein</marc:subfield>
      <marc:subfield code="k">Allgemeines</marc:subfield>
      <marc:subfield code="k">Naturschutz und Umweltschutz</marc:subfield>
      <marc:subfield code="k">Umweltschutz, Umweltprobleme</marc:subfield>
      <marc:subfield code="k">Natur- und Umweltkatastrophen</marc:subfield>
      <marc:subfield code="k">Natur- und Umweltkatastrophen, Allgemein</marc:subfield>
      <marc:subfield code="0">(DE-627)1270695622</marc:subfield>
      <marc:subfield code="0">(DE-625)rvk/8324:</marc:subfield>
      <marc:subfield code="0">(DE-576)200695622</marc:subfield>
    </marc:datafield>
    <marc:datafield tag="936" ind1="b" ind2="k">
      <marc:subfield code="a">88.19</marc:subfield>
      <marc:subfield code="j">Öffentliche Verwaltung: Sonstiges</marc:subfield>
      <marc:subfield code="0">(DE-627)106413791</marc:subfield>
    </marc:datafield>
    <marc:datafield tag="936" ind1="b" ind2="k">
      <marc:subfield code="a">44.80</marc:subfield>
      <marc:subfield code="j">Unfallmedizin</marc:subfield>
      <marc:subfield code="j">Notfallmedizin</marc:subfield>
      <marc:subfield code="0">(DE-627)106409794</marc:subfield>
    </marc:datafield>
    <marc:datafield tag="936" ind1="b" ind2="k">
      <marc:subfield code="a">43.50</marc:subfield>
      <marc:subfield code="j">Umweltbelastungen</marc:subfield>
      <marc:subfield code="0">(DE-627)106416782</marc:subfield>
    </marc:datafield>
    <marc:datafield tag="936" ind1="b" ind2="k">
      <marc:subfield code="a">43.11</marc:subfield>
      <marc:subfield code="j">Umweltüberwachung</marc:subfield>
      <marc:subfield code="0">(DE-627)106408283</marc:subfield>
    </marc:datafield>
    <marc:datafield tag="951" ind1=" " ind2=" ">
      <marc:subfield code="a">BO</marc:subfield>
    </marc:datafield>
  </marc:record>
</marc:collection>
